Η χρήση τεχνολογιών ραδιοσυχνικής αναγνώρισης (RFID) στην ιχνηλασιμότητα φρούτων : διπλωματική εργασία
Αποθηκεύτηκε σε:
| Κύριος συγγραφέας: | |
|---|---|
| Συγγραφή απο Οργανισμό/Αρχή: | |
| Άλλοι συγγραφείς: | , |
| Μορφή: | Thesis Βιβλίο |
| Γλώσσα: | Greek |
| Δημοσίευση: |
2006
|
| Θέματα: | |
| Διαθέσιμο Online: | http://hdl.handle.net/11610/14602 |
| Ετικέτες: |
Προσθήκη ετικέτας
Δεν υπάρχουν, Καταχωρήστε ετικέτα πρώτοι!
|
MARC
| LEADER | 00000cam a2200000 i 4500 | ||
|---|---|---|---|
| 001 | 1/38835 | ||
| 008 | 061206s2006 gre d | ||
| 035 | |l 10086439 | ||
| 040 | |a GR-MY-UA |b gre |e aacr | ||
| 041 | 0 | |a gre | |
| 082 | 0 | |a 658.7 |2 (22) | |
| 100 | 1 | |a Αμύγδαλου, Λεμονιά. | |
| 245 | 1 | 2 | |a Η χρήση τεχνολογιών ραδιοσυχνικής αναγνώρισης (RFID) στην ιχνηλασιμότητα φρούτων : |b διπλωματική εργασία / |c Λεμονιά Αμύγδαλου ; τριμελής επιτροπή Ιωάννης Μίνης, Αγάπιος Πλατής, Βασίλης Ζεϊμπέκης |
| 260 | |c 2006 | ||
| 300 | |a 98 σ.; |b εικ., πίν., σχ.; |c 30 εκ. | ||
| 502 | |a Διατριβή (μεταπτυχιακή) – Πανεπιστήμιο Αιγαίου, Χίος, 2006. | ||
| 504 | |a Περιλαμβάνει βιβλιογραφία | ||
| 610 | 2 | 0 | |a Πανεπιστήμιο Αιγαίου. |
| 650 | 0 | 0 | |a Materials management |x Data processing. |
| 650 | 0 | 0 | |a Radio frequency identification systems. |
| 650 | 0 | 0 | |a Identification--Equipment and supplies. |
| 650 | 0 | 0 | |a Dissertations, Academic |z Greece. |
| 700 | 1 | |a Μίνης, Ιωάννης. |4 ths | |
| 700 | 1 | |a Πλατής, Αγάπιος. |4 ths | |
| 710 | 1 | |a Πανεπιστήμιο Αιγαίου |b Σχολή Επιστημών της Διοίκησης |b Τμήμα Μηχανικών Οικονομίας και Διοίκησης |b Μεταπτυχιακό Πρόγραμμα Σπουδών "Οικονομική & Διοίκηση για Μηχανικούς" - Ο.ΔΙ.Μ. | |
| 852 | |a INST |b CHIOS |c DIATR |e 20061206 |h 658.7 ΑΜΥ |p 005200026531 |q 005200026531 |t MTXE |y 23 | ||
| 852 | |a INST |b CHIOS |c DIATR |e 20061206 |h 658.7 ΑΜΥ |p 005200026532 |q 005200026532 |t MTXE |y 23 | ||
| 856 | |u http://hdl.handle.net/11610/14602 | ||
| 901 | |a BIBL2-2006-3 | ||
| 909 | |a Χ |b 130770 | ||
| 909 | |a Χ |b 139771 | ||
| 924 | |a ΑΜΥΓΔΑΛΟΥ |b ΛΕΜΟΝΙΑ |y ΧΙΟΣ |z 2006-12 | ||
| 970 | |a ΒΑΣΙΛΑΚΗ |b ΝΙΚΗ |z 2006/12/06 | ||